01323nam a2200337 a 450000100060000000300080000600500170001400800410003103500200007204000230009204100080011508200270012310000300015024501000018026000390028030000270031950000760034650000200042250400300044265000350047265000470050765000370055465000490059165100430064065100390068365100450072265100410076794200120080899900170082095201480083758127BD-RjUL20211209080605.0161217s1980 bg b 001 0 eng  a(BD-RjUL) 58251 aDLCcDLCdDLCbeng aeng00a338.9549223bAHB 19801 aAhmed, Emajuddin.911593210aBureaucratic elites in segmented economic growth :bPakistan and Bangladesh /cEmajuddin Ahmed. aDacca :bUniversity Press,cc1980. aviii, 259 p. ;c22 cm. aBased on the author's thesis (Ph. D.--Queen's University, Canada, 1977) aIncludes index. aBibliography: p. 218-254. 0aBureaucracyzPakistan.9115933 0aElite (Social sciences)zPakistan.9115934 0aBureaucracyzBangladesh.9115935 0aElite (Social sciences)zBangladesh.9115936 0aPakistanxEconomic conditions.9115937 0aPakistanxEconomic policy.9115938 0aBangladeshxEconomic conditions.9115939 0aBangladeshxEconomic policy.9115940 2ddccBK c58127d58127 00102ddc40718NFICaRUCLbRUCLcReadingd1984-04-12eU.P. Ltd., Dhakag40.00l0o338.9549 AHB 1980r2016-12-17 00:00:00tC-1w2016-12-17yBK